000 01005cam a2200205 4500
001 WB3821-07
008 020613n2002 000 0 eng u
035 _a(Sirsi) u118404
245 _aClient leadership in construction
260 _c2002
490 _aRICS News Service
_v11 June 2002, (1)
520 _aRICS has supported the concept of client leadership in the construction process and welcomed proposals which help clients to establish their brief, maximize value and deliver continuous improvement. Comments form part of RICS response to the Strategic Forum's report "Accelerating Change". RICS response in full at http://www.rics.org/ricscms/bin/show?class=Policy&template=/includes/showpolicy.html&id=684 http://www.rics.org/ricscms/bin/show?class=News&template=/includes/shownews.html&id=2751
590 _aWB
650 _aCLIENT LEADERSHIP
650 _aSTRATEGIC FORUM
650 _aEGAN REFORMS
650 _aRICS
690 _aBUILDING AND CONSTRUCTION-MANAGEMENT
942 _n0
999 _c70481
_d70481